000 00233nam a22000977a 4500
005 20250901165806.0
008 250320b |||||||| |||| 00| 0 eng d
022 _a9789966361523
245 _aHe's far too much
_cMohamed Said
942 _2lcc
999 _c9294
_d9294